000 00484cam a2200157 4500500
005 20260405004012.0
041 _afre
042 _adc
100 1 0 _aArdeois, Iris
_eauthor
245 0 0 _aC’est quoi le “kairos” ?
260 _c2026.
500 _a47
690 _aKairos
786 0 _nPhilosophie magazine | 197 | 2 | 2026-02-01 | p. 123-123 | 1951-1787
856 4 1 _uhttps://shs.cairn.info/magazine-philosophie-magazine-2026-2-page-123?lang=fr&redirect-ssocas=7080
999 _c2072803
_d2072803